[Event "TUR-chT2"]
[Site "Konya"]
[Date "2018.07.14"]
[Round "8.20"]
[White "Sadik, Resat"]
[Black "Cekceoglu, Mustafa"]
[Result "1-0"]
[WhiteElo "1918"]
[BlackElo "1331"]
[PlyCount "57"]
[EventDate "2018.07.10"]
[EventType "team-swiss"]
[EventRounds "9"]
[EventCountry "TUR"]
[SourceTitle "EXT 2019"]
[Source "ChessBase"]
[SourceDate "2018.10.10"]
[SourceVersion "1"]
[SourceVersionDate "2018.10.10"]
[SourceQuality "1"]
[WhiteTeam "Bolu Dernegi"]
[BlackTeam "Ermenek Turkuaz Yelken"]
[WhiteTeamCountry "TUR"]
[BlackTeamCountry "TUR"]

1. d4 d5 2. c4 e6 3. Nc3 Nf6 4. Nf3 Bd6 5. Bg5 Nbd7 6. cxd5 exd5 7. Nxd5 c6 8. Nc3 Qb6 9. Qc2 c5 10. d5 c4 11. e4 Ne5 12. Nxe5 Bxe5 13. Bxc4 Ng4 14. h3 Nf6 15. Bb5+ Bd7 16. Bxd7+ Nxd7 17. 0-0 Rc8 18. Be3 Qf6 19. Rac1 Qh4 20. g4 Bxc3 21. bxc3 Qe7 22. Bd4 f6 23. e5 0-0 24. d6 Qe8 25. Qb3+ Kh8 26. e6 Nc5 27. Bxc5 Rxc5 28. Rfe1 Rc6 29. Rcd1 1-0

[Event "TUR-chT2"]
[Site "Konya"]
[Date "2018.07.10"]
[Round "1.10"]
[White "Sadik, Resat"]
[Black "Koc, Ilkay"]
[Result "1-0"]
[WhiteElo "1918"]
[BlackElo "1961"]
[PlyCount "63"]
[EventDate "2018.07.10"]
[EventType "team-swiss"]
[EventRounds "9"]
[EventCountry "TUR"]
[SourceTitle "EXT 2019"]
[Source "ChessBase"]
[SourceDate "2018.10.10"]
[SourceVersion "1"]
[SourceVersionDate "2018.10.10"]
[SourceQuality "1"]
[WhiteTeam "Bolu Dernegi"]
[BlackTeam "Bursa Uludag"]
[WhiteTeamCountry "TUR"]
[BlackTeamCountry "TUR"]

1. d4 Nf6 2. c4 e6 3. Nf3 b6 4. Nc3 Ba6 5. e4 Bb4 6. e5 Ne4 7. Bd2 Nxd2 8. Qxd2 d6 9. a3 Bxc3 10. Qxc3 Nd7 11. Rd1 0-0 12. Be2 Qe7 13. b4 Bb7 14. 0-0 a5 15. Rfe1 Rfd8 16. exd6 cxd6 17. d5 e5 18. Bd3 g6 19. h4 Rdc8 20. Qd2 Qf8 21. h5 axb4 22. hxg6 hxg6 23. axb4 f5 24. Nh4 e4 25. Nxg6 Qf6 26. Re3 Ra3 27. Ne7+ Qxe7 28. Rg3+ Kf7 29. Qh6 Ke8 30. Rg7 Qe5 31. Rg8+ Ke7 32. Qh7+ 1-0

[Event "TUR-ch"]
[Site "Kemer"]
[Date "2011.02.11"]
[Round "8"]
[White "Sadik, Resat"]
[Black "Guven, Baris"]
[Result "0-1"]
[WhiteElo "1981"]
[BlackElo "1809"]
[PlyCount "156"]
[EventDate "2011.02.05"]
[EventType "swiss"]
[EventRounds "10"]
[EventCountry "TUR"]
[SourceTitle "CBM 140 Extra"]
[Source "ChessBase"]
[SourceDate "2011.03.01"]
[SourceVersion "1"]
[SourceVersionDate "2011.03.01"]
[SourceQuality "1"]

1. d4 Nf6 2. c4 e6 3. Nf3 Bb4+ 4. Bd2 Qe7 5. Qc2 Bxd2+ 6. Nbxd2 d6 7. e4 e5 8. Be2 0-0 9. d5 Nbd7 10. b4 a5 11. bxa5 Nc5 12. 0-0 Bd7 13. Ne1 Rxa5 14. f3 Nh5 15. Nb3 Nxb3 16. Qxb3 Nf4 17. Qb2 Qg5 18. Bd1 b6 19. Kh1 h5 20. g3 Ng6 21. Qf2 Bh3 22. Ng2 Ra3 23. Bb3 f5 24. exf5 Bxf5 25. h4 Qf6 26. Qb2 Raa8 27. Kh2 Bd3 28. Rf2 e4 29. Qxf6 Rxf6 30. f4 Ne5 31. Ne3 Nf3+ 32. Kg2 Nd4 33. Re1 Nxb3 34. axb3 Ra3 35. Rb2 Rf8 36. Nd1 Rfa8 37. Nf2 Ra2 38. Nxd3 exd3 39. Reb1 d2 40. Rxa2 Rxa2 41. Rd1 Rb2 42. Kf2 Kf7 43. g4 hxg4 44. Kg3 Rxb3+ 45. Kxg4 Rd3 46. Kf5 b5 47. cxb5 Rxd5+ 48. Ke4 Rxb5 49. Rxd2 Rc5 50. Rh2 g6 51. Rf2 c6 52. Ra2 Kf6 53. Ra8 d5+ 54. Kf3 Rc3+ 55. Kg4 d4 56. Rd8 c5 57. Rd6+ Kg7 58. h5 gxh5+ 59. Kxh5 d3 60. Kg5 c4 61. f5 Rc1 62. Rd7+ Kf8 63. Kf6 Ke8 64. Rd4 Re1 65. Kg7 Rg1+ 66. Kf6 c3 67. Rxd3 c2 68. Re3+ Kf8 69. Rd3 Kg8 70. Rd8+ Kh7 71. Rd7+ Kh8 72. Rd8+ Rg8 73. Rd2 Rc8 74. Kf7 Rc7+ 75. Kg6 Rg7+ 76. Kf6 c1Q 77. Rh2+ Kg8 78. Re2 Qg5+ 0-1

[Event "TUR-ch"]
[Site "Kemer"]
[Date "2011.02.10"]
[Round "7"]
[White "Tahan, Umut Utku"]
[Black "Sadik, Resat"]
[Result "0-1"]
[WhiteElo "1720"]
[BlackElo "1981"]
[PlyCount "72"]
[EventDate "2011.02.05"]
[EventType "swiss"]
[EventRounds "10"]
[EventCountry "TUR"]
[SourceTitle "CBM 140 Extra"]
[Source "ChessBase"]
[SourceDate "2011.03.01"]
[SourceVersion "1"]
[SourceVersionDate "2011.03.01"]
[SourceQuality "1"]

1. e4 c5 2. Nf3 e6 3. d4 cxd4 4. Nxd4 a6 5. c4 Nf6 6. Nc3 Qc7 7. a3 Nc6 8. Be3 d6 9. Be2 Be7 10. 0-0 0-0 11. Rc1 Nxd4 12. Bxd4 Bd7 13. b4 b6 14. Qd2 Rfd8 15. f4 Rab8 16. f5 Qb7 17. Bf3 Bc6 18. Qe2 e5 19. Bf2 b5 20. cxb5 axb5 21. Rfd1 Ra8 22. Nd5 Bxd5 23. exd5 Rxa3 24. Rc6 Ra6 25. Rdc1 Ne8 26. Rxa6 Qxa6 27. Rc6 Qa1+ 28. Qf1 Qb2 29. Be1 e4 30. Bc3 Qa2 31. Bxe4 Bh4 32. Qxb5 Qf2+ 33. Kh1 Bf6 34. Bd2 Qxd2 35. Bd3 Bd4 36. h4 Qe1+ 0-1

[Event "TUR-ch"]
[Site "Kemer"]
[Date "2011.02.05"]
[Round "1"]
[White "Can, Emre"]
[Black "Sadik, Resat"]
[Result "1/2-1/2"]
[WhiteElo "2483"]
[BlackElo "1981"]
[PlyCount "137"]
[EventDate "2011.02.05"]
[EventType "swiss"]
[EventRounds "10"]
[EventCountry "TUR"]
[SourceTitle "CBM 140 Extra"]
[Source "ChessBase"]
[SourceDate "2011.03.01"]
[SourceVersion "1"]
[SourceVersionDate "2011.03.01"]
[SourceQuality "1"]

1. e4 c5 2. Nf3 e6 3. c3 d5 4. exd5 exd5 5. d4 cxd4 6. Nxd4 Nf6 7. Be2 Be7 8. 0-0 0-0 9. Nd2 Nc6 10. N2b3 a6 11. Bf4 Bd6 12. Nxc6 bxc6 13. Qd4 Bxf4 14. Qxf4 Qb6 15. Qd4 Rb8 16. Bd3 Qc7 17. Rfe1 a5 18. Re2 Bg4 19. f3 Bd7 20. Rae1 Rfe8 21. Rxe8+ Rxe8 22. Rxe8+ Bxe8 23. g3 h5 24. Kg2 h4 25. Qxh4 c5 26. Nc1 Qb8 27. b3 Qe5 28. Qf4 Qxc3 29. Qe3 Qb2+ 30. Ne2 d4 31. Qg5 Qa3 32. g4 a4 33. Bc4 axb3 34. axb3 d3 35. Bxd3 Qxb3 36. Qd2 Bc6 37. g5 Nd5 38. Nc1 Qb4 39. Qxb4 cxb4 40. Kg3 Ba4 41. Bc4 Ne3 42. Ba2 Bc2 43. Kf2 Nd1+ 44. Ke1 Nc3 45. Bc4 Kf8 46. Kd2 Bf5 47. Nd3 Bxd3 48. Kxd3 Ke7 49. h4 g6 50. Kd4 Nb1 51. Kd3 Na3 52. Bb3 Nb5 53. Ke4 Nd6+ 54. Ke5 Ne8 55. f4 f6+ 56. Kd4 Nd6 57. Bc2 Kf7 58. Kc5 Ne8 59. Bb3+ Ke7 60. Bc2 Kf7 61. Kxb4 Ng7 62. Bb3+ Ke7 63. Bc2 Ne6 64. f5 gxf5 65. g6 Kf8 66. Bxf5 Kg7 67. Bxe6 Kxg6 68. Bg4 f5 69. Bf3 1/2-1/2